000 00601nam a2200205 a 4500
005 20240215063820.0
008 991125s1971 mx 000 0 spa u
035 _aUPN01000009800
049 _aCG
050 4 _aHM141
_bF7.28
100 1 _aFrank, Lawrence K.
245 1 0 _aCómo ser un director moderno /
_cLawrence K. Frank ; tr. René Cárdenas Barrios.
260 _aMéxico :
_bDiana,
_c1971.
300 _a79 p.
440 0 _aBiblioteca para el director de grupos ;
_v1
650 4 _aAdministración
_928
650 4 _aHABILIDAD EJECUTIVA
_97047
650 4 _aLiderazgo
_95345
905 _aLibro
999 _c9800
_d9800